| 000 | 00573nam a2200229Ia 4500 | ||
|---|---|---|---|
| 003 | OSt | ||
| 005 | 20220924142329.0 | ||
| 006 | a|||||r|||| 00| 0 | ||
| 007 | ta | ||
| 008 | 220923b |||||||| |||| 00| 0 ben d | ||
| 024 | _a301498 | ||
| 037 | _cTextual | ||
| 040 |
_aARTS _cARTS _bben |
||
| 041 |
_2ben _aben |
||
| 082 | _aY:1.275, P4;1 | ||
| 100 |
_aChakrwavarti Sudhir _9213236 |
||
| 245 | 0 | _aUtsabe melaye itihase | |
| 260 | _c2004 | ||
| 650 | _aSOCIOLOGY | ||
| 942 |
_hY:1.275, P4;1 _cTEXL _2CC |
||
| 999 |
_c450317 _d450317 |
||